00476nam a2200145Ia 450000500170000000800410001702000150005808200130007310000530008624500670013925000200020626000620022630000150028865000270030320240604000324.0240331s9999 xx 000 0 und d a0644295953 bNATa362 aNational Committee on violence against women. ed 0aNational Committee on violence against women :bPosition paper aSecond Edition  aCanberrabAustralian Government Publishing Service c1994 aiii,22 p., aViolence against Women